000 00715nam a2200217Ia 4500
003 GCL
008 140319s9999 xx 000 0 ara d
040 _aGCL /
_cGCL
082 0 4 _aق
_b309.62
_bف م
100 1 _aفاسيليف، بوريس
245 1 0 _aمصر والمصريون /
_cفاسيليف، بوريس
700 1 _aفاسيلييف، اليكسى
300 _a343 ص
490 _aالهيئة العامة للاستعلامات
_v0
650 0 4 _aالسد العالى
650 0 4 _aالتقويم الميلادى
650 0 4 _aالتقويم القبطى
650 0 4 _aمصر - الاحوال السياسية
650 0 4 _aمصر - الاحوال الاجتماعية
942 _2ddc
_cBK
999 _c47920
_d47920